00379nam a2200157Ia 4500008004100000020001500041041001200056082001600068100001600084245005000100250000800150260002500158300000800183650001500191700001500206221030s9999 xx 000 0 und d a8120312384 aEnglish a105.23bOnk aS. Onkvisit 0aInternational Marketing : Analysis & Strategy a3rd bPHIaNew Delhic2003 a750 aManagement aJ. J. Shaw